|
|
|
|
| LEADER |
01555nam a2200349 4500 |
| 001 |
000017637 |
| 003 |
14056 |
| 005 |
20130508080556.0 |
| 008 |
130508s2012 viesd |
| 041 |
|
|
|a vie
|
| 082 |
1 |
4 |
|a 895.92283408
|b Gio
|
| 245 |
1 |
0 |
|a Giọng điệu nghệ thuật trong tản văn Thương nhớ mười hai của Vũ Bằng
|c Mạc Thị Như Ái ; Nguyễn Hữu Ái Nhi ; Phan Thị Thương ; Hướng dẫn Nguyễn Phong Nam
|k Báo cáo khoa học
|
| 260 |
|
|
|a Đà Nẵng
|b Trường Đại học Sư phạm
|c 2012
|
| 300 |
|
|
|a 31 tr.
|b ảnh m.họa
|c 30 cm.
|
| 500 |
|
|
|a Công trình tham gia hội nghị sinh viên nghiên cứu khoa học Trường Đại học Sư phạm năm 2012. Khoa Ngữ Văn
|
| 650 |
0 |
4 |
|a Nghệ thuật
|v Báo cáo khoa học
|x Thương nhớ mười hai
|y Vũ Bằng
|z Đà Nẵng
|
| 653 |
|
|
|a Nghiên cứu khoa học
|
| 700 |
1 |
|
|a Nguyễn Phong Nam
|c PGS.TS
|e hướng dẫn
|
| 700 |
1 |
|
|c Mạc Thị Như Ái
|
| 700 |
1 |
|
|c Nguyễn Hữu Ái Nhi
|
| 700 |
1 |
|
|c Phan Thị Thương
|
| OWN |
|
|
|a LSP
|
| AVA |
|
|
|a UDN50
|b LSP
|d 895.92283408 Gio
|e available
|t Error 5001 Not defined in file expand_doc_bib_avail.
|f 1
|g 0
|h N
|i 0
|k 1
|
| 999 |
|
|
|a From the UDN01
|
| AVA |
|
|
|a UDN50
|b LSP
|d 895.92283408 Gio
|e available
|t Error 5001 Not defined in file expand_doc_bib_avail.
|f 1
|g 0
|h N
|i 0
|k 1
|
| TYP |
|
|
|a Mixed Materials
|
| TYP |
|
|
|a Monograph
|
| TYP |
|
|
|a Printed language
|
| 980 |
|
|
|a Mạng thư viện Đại học Đà Nẵng
|